|
|
|
|
| LEADER |
00756nab a2200229 i 4500 |
| 001 |
misc65717 |
| 005 |
20230510115014.0 |
| 008 |
230227s1952 hu o 0|| ger d |
| 040 |
|
|
|a SZTE Miscellanea Repozitórium
|b hun
|
| 041 |
|
|
|a ger
|
| 100 |
1 |
|
|a Spuler Bertold
|
| 245 |
1 |
0 |
|a Iran und der Islam
|h [elektronikus dokumentum] /
|c Spuler Bertold
|
| 260 |
|
|
|a [Kohlhammer]
|b [Stuttgart]
|c 1952
|
| 300 |
|
|
|a 227-232
|c 22 cm
|
| 300 |
|
|
|a [6] p.
|c 22 cm
|
| 490 |
0 |
|
|a Die Welt als Geschichte
|
| 561 |
|
|
|a Németh Gyula hagyaték
|
| 591 |
|
|
|a NOP 5706
|
| 650 |
|
4 |
|a Bölcsészettudományok
|
| 650 |
|
4 |
|a Filozófia, etika és vallástudományok
|
| 695 |
|
|
|a Irán története, Iszlám
|
| 856 |
4 |
0 |
|u http://misc.bibl.u-szeged.hu/65717/1/5706_noa.pdf
|z Dokumentum-elérés
|